MARC details
| 000 -LEADER |
| fixed length control field |
00813nam a22002537a 4500 |
| 003 - CONTROL NUMBER IDENTIFIER |
| control field |
MOSTI LIBRARY |
| 005 - DATE AND TIME OF LATEST TRANSACTION |
| control field |
20260522102353.0 |
| 008 - FIXED-LENGTH DATA ELEMENTS--GENERAL INFORMATION |
| fixed length control field |
260522b |||||||| |||| 00| 0 eng d |
| 020 ## - INTERNATIONAL STANDARD BOOK NUMBER |
| International Standard Book Number |
9789264237247 |
| 040 ## - CATALOGING SOURCE |
| Transcribing agency |
MOSTI LIBRARY |
| 090 00 - LOCALLY ASSIGNED LC-TYPE CALL NUMBER (OCLC); LOCAL CALL NUMBER (RLIN) |
| Classification number (OCLC) (R) ; Classification number, CALL (RLIN) (NR) |
346.595048 |
| Local cutter number (OCLC) ; Book number/undivided call number, CALL (RLIN) |
BOO |
| 110 10 - MAIN ENTRY--CORPORATE NAME |
| Corporate name or jurisdiction name as entry element |
Organisation for Economic Co-operation and Development (OECD) |
| 245 10 - TITLE STATEMENT |
| Title |
Boosting Malaysia's National Intellectual Property System for Innovation |
| 264 ## - PRODUCTION, PUBLICATION, DISTRIBUTION, MANUFACTURE, AND COPYRIGHT NOTICE |
| Place of production, publication, distribution, manufacture |
Paris, |
| Name of producer, publisher, distributor, manufacturer |
OECD Publishing, |
| Date of production, publication, distribution, manufacture, or copyright notice |
2015 |
| 300 ## - PHYSICAL DESCRIPTION |
| Extent |
159pages ; |
| Dimensions |
24cm |
| 336 ## - CONTENT TYPE |
| Authority record control number or standard number |
rdacontent |
| 337 ## - MEDIA TYPE |
| Source |
rdacarrier |
| 338 ## - CARRIER TYPE |
| Authority record control number or standard number |
rdacarrier |
| 650 10 - SUBJECT ADDED ENTRY--TOPICAL TERM |
| Topical term or geographic name entry element |
Intellectual property |
| Geographic subdivision |
Malaysia |
| 650 20 - SUBJECT ADDED ENTRY--TOPICAL TERM |
| Topical term or geographic name entry element |
Technological innovations |
| General subdivision |
Government policy |
| Geographic subdivision |
Malaysia |
| 650 20 - SUBJECT ADDED ENTRY--TOPICAL TERM |
| Topical term or geographic name entry element |
Patent laws and legislation |
| Geographic subdivision |
Malaysia |
| 942 ## - ADDED ENTRY ELEMENTS (KOHA) |
| Source of classification or shelving scheme |
Dewey Decimal Classification |
| Koha item type |
Book |
| Suppress in OPAC |
No |
| 949 ## - LOCAL PROCESSING INFORMATION (OCLC) |
| 0 |
019237 |